000 00307 a2200157 4500
001 62919
020 _a9788506067390
040 _cAnchieta - Pituba
100 _aLloyd, Saci
240 1 0 _a2015
_lpor
245 1 0 _a2015
300 _a317
362 0 _a2012
650 4 _aLiteratura juvenil
942 _cBK
999 _c62919
_d62919